00849nam a22002657a 45000010005000000030006000050050017000110080041000280200017000690400029000860500018001150820011001331000040001442450108001842500009002922600033003013000045003345050007003795200078003865210019004645210018004836500034005016500019005357000029005545079FISKH20241105100405.0241105b cb ||||| |||| 00| 0 eng d a033500261053 aFISKHbengcFISKHdFISKH aPS3503.R82184 a811.52 aBrown, Wise Margaretd(1910–1952) aI like stars /cby Margaret Wise Brown illustrated by Joan Paley with an afterword by Leonard S. Marcus a1954 aNew York :bA Golden,c1954. a29 pages :bColor illustrations ;c23 cm aB  aA simple poem describing all kinds of stars that appear in the night sky.8 a120L bLexile 8 aB bRaz-plus  2Beginning readeraEasy reader 2SpaceaScience aPaley, JoandIllustrator